[Event "IECG LA.2001.0.00002 email"]
[Site "IECG email"]
[Date "2001.08.31"]
[Round "?"]
[White "Daroczy, Sandor"]
[Black "Gallet, Gilles"]
[Result "1/2-1/2"]
[WhiteElo "2008"]
[BlackElo "2061"]
[PlyCount "90"]
[EventDate "2001.08.31"]
[EventType "tourn (corr)"]
[EventRounds "14"]
[SourceTitle "Corr 2008"]
[Source "ChessBase"]
[SourceDate "2008.06.24"]
[SourceVersion "1"]
[SourceVersionDate "2008.06.24"]
[SourceQuality "1"]

1. e4 c5 2. Nf3 Nc6 3. Bb5 e6 4. 0-0 Nge7 5. Re1 a6 6. Bf1 Ng6 7. c3 Be7 8. d4 cxd4 9. cxd4 d5 10. e5 0-0 11. Nc3 f6 12. exf6 Bxf6 13. Be3 Bd7 14. Rc1 Kh8 15. Bd3 Be8 16. Na4 e5 17. dxe5 Ncxe5 18. Nxe5 Nxe5 19. Be2 Bxa4 20. Qxa4 b5 21. Qb4 Nc4 22. Bc5 Re8 23. Bh5 Rxe1+ 24. Rxe1 Qd7 25. h3 Bxb2 26. Bg4 Qd8 27. Be7 Qc7 28. Re6 Bd4 29. Qe1 Qf4 30. Bf3 Ne5 31. Bxd5 Nd3 32. Re4 Bxf2+ 33. Kh1 Qc7 34. Bd6 Bxe1 35. Bxc7 Nf2+ 36. Kh2 Nxe4 37. Bxa8 Nc5 38. Bd5 Bc3 39. Bd6 Nd3 40. Bb7 a5 41. Ba6 Bb4 42. Bc7 Nc1 43. Bxb5 Nxa2 44. Be5 Bc3 45. Bc7 g6 1/2-1/2

[Event "IECG LA.2001.0.00002 email"]
[Site "IECG email"]
[Date "2001.08.31"]
[Round "?"]
[White "Gallet, Gilles"]
[Black "Braun, Ingram H"]
[Result "0-1"]
[WhiteElo "2061"]
[BlackElo "2002"]
[PlyCount "56"]
[EventDate "2001.08.31"]
[EventType "tourn (corr)"]
[EventRounds "14"]
[SourceTitle "Corr 2008"]
[Source "ChessBase"]
[SourceDate "2008.06.24"]
[SourceVersion "1"]
[SourceVersionDate "2008.06.24"]
[SourceQuality "1"]

1. d4 g6 2. Nf3 Bg7 3. e4 d6 4. Nc3 Nf6 5. h3 0-0 6. Be3 a6 7. a4 b6 8. e5 Nfd7 9. exd6 cxd6 10. Bc4 e6 11. 0-0 Qc7 12. Ba2 h6 13. Qd2 Kh7 14. d5 e5 15. Qe2 f5 16. Rfd1 Nf6 17. Nb1 Nbd7 18. c4 f4 19. Bc1 e4 20. Nd4 f3 21. gxf3 Nc5 22. fxe4 Nfxe4 23. f3 Ng3 24. Qg2 Bxd4+ 25. Rxd4 Nf5 26. Rg4 Nd3 27. Bd2 Ne5 28. f4 h5 0-1